[Event "AZE-ch (Women)"]
[Site "Baku"]
[Date "2024.02.16"]
[Round "6"]
[White "Huseynli, Ayan"]
[Black "Abdulla, Khayala Mardan Qizi"]
[Result "1-0"]
[WhiteElo "1475"]
[BlackElo "2241"]
[PlyCount "67"]
[EventDate "2024.02.11"]
[EventType "swiss"]
[EventRounds "7"]
[EventCountry "AZE"]
[SourceTitle "CB09_2024"]
[SourceDate "2024.02.28"]
[SourceVersion "1"]
[SourceVersionDate "2024.02.28"]
[SourceQuality "1"]

1. Nf3 d5 2. b3 c5 3. e3 Nf6 4. Bb2 e6 5. Be2 Bd6 6. Ne5 0-0 7. f4 Nc6 8. 0-0 Nd7 9. Nxc6 bxc6 10. d4 Rb8 11. Ba3 Qe7 12. Nd2 f6 13. c4 e5 14. Rc1 exd4 15. exd4 Qe3+ 16. Kh1 Bxf4 17. Nf3 Bb7 18. Rc2 Bd6 19. cxd5 cxd5 20. Bb5 Qe7 21. Re1 Ne5 22. dxe5 fxe5 23. Nxe5 Bxe5 24. Bxc5 Qg5 25. Bxf8 Rxf8 26. Qe2 Rf5 27. Bd3 Qh6 28. g3 Rg5 29. Rc7 Qb6 30. Rec1 h5 31. Re7 d4+ 32. Kg1 Qh6 33. Rcc7 h4 34. Re8# 1-0

[Event "AZE-ch (Women)"]
[Site "Baku"]
[Date "2024.02.13"]
[Round "3"]
[White "Rzali, Leyla"]
[Black "Huseynli, Ayan"]
[Result "0-1"]
[WhiteElo "1473"]
[BlackElo "1475"]
[PlyCount "128"]
[EventDate "2024.02.11"]
[EventType "swiss"]
[EventRounds "7"]
[EventCountry "AZE"]
[SourceTitle "CB09_2024"]
[SourceDate "2024.02.28"]
[SourceVersion "1"]
[SourceVersionDate "2024.02.28"]
[SourceQuality "1"]

1. e4 e6 2. d4 d5 3. exd5 exd5 4. Be2 Bd6 5. Nf3 Ne7 6. Nbd2 Bf5 7. c4 c6 8. Qb3 Qc8 9. 0-0 0-0 10. Re1 Re8 11. Nf1 Nd7 12. Bg5 f6 13. Be3 Nf8 14. Rac1 Nfg6 15. cxd5 Nxd5 16. Bc4 Be6 17. Bd2 Qd7 18. Ne3 Nge7 19. Nxd5 Nxd5 20. Qd3 Kh8 21. a3 Bf5 22. Qf1 Bg4 23. Bxd5 cxd5 24. Rc3 Qf7 25. h3 Bf5 26. Bc1 Rxe1 27. Qxe1 Re8 28. Re3 Rc8 29. Rc3 Rd8 30. Nh4 Bd7 31. Bd2 Qh5 32. Nf3 g5 33. Nh2 g4 34. Nxg4 Bxg4 35. hxg4 Qh2+ 36. Kf1 Qh1+ 37. Ke2 Qxg2 38. Be3 Qxg4+ 39. Kd2 Qe4 40. Qc1 Qf5 41. Qc2 Qxc2+ 42. Rxc2 h5 43. Rc1 Kg7 44. Rg1+ Kf7 45. Rh1 Rh8 46. Ke2 Kg6 47. Kf3 h4 48. Bf4 Bxf4 49. Kxf4 h3 50. Rg1+ Kf7 51. Rh1 h2 52. Kg3 Kg6 53. Kg4 Rh5 54. f4 b6 55. a4 Rh7 56. f5+ Kg7 57. Kg3 Rh5 58. b3 Kh6 59. Kg4 a5 60. Kf4 Rh4+ 61. Kg3 Kg5 62. Kg2 Kxf5 63. Rf1+ Ke4 64. Kh1 f5 0-1

[Event "World ol U16"]
[Site "Nakhchivan"]
[Date "2022.10.02"]
[Round "1.10"]
[White "Huseynli, Ayan"]
[Black "Ahmad, Khagan"]
[Result "0-1"]
[WhiteElo "1572"]
[BlackElo "2196"]
[PlyCount "86"]
[EventDate "2022.10.02"]
[EventType "team-swiss"]
[EventRounds "9"]
[EventCountry "AZE"]
[SourceTitle "CBM 210 Extra"]
[Source "ChessBase"]
[SourceDate "2022.11.30"]
[SourceVersion "1"]
[SourceVersionDate "2022.11.30"]
[SourceQuality "1"]
[WhiteTeam "Azerbaijan III"]
[BlackTeam "Azerbaijan II"]
[WhiteTeamCountry "AZE"]
[BlackTeamCountry "AZE"]

1. d4 d5 2. e3 Bf5 3. c4 c6 4. Qb3 Qb6 5. Qxb6 axb6 6. cxd5 cxd5 7. Nc3 e6 8. Bb5+ Nc6 9. Nf3 Bb4 10. Ne5 Nge7 11. Bd2 f6 12. Nxc6 bxc6 13. Be2 Bd6 14. f4 h5 15. h4 b5 16. a4 b4 17. Nd1 Ra5 18. Nf2 Kf7 19. g3 Bc2 20. Nd3 Rxa4 21. Rxa4 Bxa4 22. Nxb4 Bb5 23. Bd1 c5 24. dxc5 Bxc5 25. Be2 Bxe2 26. Kxe2 Nf5 27. Kf3 Nxe3 28. Nd3 Nc4 29. Nxc5 Nxd2+ 30. Ke2 Nc4 31. b3 Nb6 32. Ra1 Ra8 33. Na4 Kg6 34. Kf3 Kf5 35. Ra2 d4 36. Ra1 e5 37. fxe5 fxe5 38. Ra2 e4+ 39. Kf2 e3+ 40. Kf3 Ke5 41. Ra1 Nxa4 42. bxa4 Rf8+ 43. Ke2 Ke4 0-1

[Event "Wch U12 Girls"]
[Site "Batumi"]
[Date "2022.09.26"]
[Round "10"]
[White "Huseynli, Ayan"]
[Black "Shreya, G Hipparagi"]
[Result "0-1"]
[WhiteElo "1572"]
[BlackElo "1574"]
[PlyCount "74"]
[EventDate "2022.09.16"]
[EventType "swiss"]
[EventRounds "11"]
[EventCountry "GEO"]
[SourceTitle "EXT 2023"]
[Source "ChessBase"]
[SourceDate "2022.10.05"]
[SourceVersion "1"]
[SourceVersionDate "2022.10.05"]
[SourceQuality "1"]

1. d4 d5 2. e3 Nf6 3. Bd3 c5 4. c3 Nc6 5. f4 Bg4 6. Nf3 e6 7. Nbd2 Be7 8. 0-0 Rc8 9. a4 a6 10. h3 Bf5 11. Bxf5 exf5 12. Ne5 Ne4 13. Nxe4 fxe4 14. Qg4 0-0 15. f5 f6 16. Nxc6 Rxc6 17. Bd2 c4 18. Be1 Rb6 19. Ra2 Rb3 20. Bg3 Qa5 21. Rfa1 Qb6 22. Qe2 Kh8 23. h4 g6 24. fxg6 hxg6 25. h5 g5 26. Rf1 Qe6 27. Kf2 f5 28. Ke1 b5 29. axb5 axb5 30. Kd2 Bd6 31. Bxd6 Qxd6 32. Kc2 b4 33. Rfa1 bxc3 34. bxc3 Rfb8 35. Qe1 f4 36. Qf2 Qb6 37. Kd1 Rb1+ 0-1

[Event "Wch U12 Girls"]
[Site "Batumi"]
[Date "2022.09.25"]
[Round "9"]
[White "Sezdbekova, Aizhan"]
[Black "Huseynli, Ayan"]
[Result "1/2-1/2"]
[WhiteElo "1447"]
[BlackElo "1572"]
[PlyCount "99"]
[EventDate "2022.09.16"]
[EventType "swiss"]
[EventRounds "11"]
[EventCountry "GEO"]
[SourceTitle "EXT 2023"]
[Source "ChessBase"]
[SourceDate "2022.10.05"]
[SourceVersion "1"]
[SourceVersionDate "2022.10.05"]
[SourceQuality "1"]

1. e4 d5 2. exd5 Qxd5 3. Nc3 Qa5 4. d4 Nf6 5. Nf3 c6 6. Bd3 Bg4 7. h3 Bh5 8. 0-0 e6 9. Bf4 Nbd7 10. a3 Nd5 11. Nxd5 cxd5 12. c3 Qb6 13. Rb1 Bd6 14. Bxd6 Qxd6 15. Re1 0-0 16. Bc2 Nb6 17. Qd3 Bg6 18. Qe2 Bxc2 19. Qxc2 Nc4 20. Ne5 Rfc8 21. Nxc4 Rxc4 22. Qb3 Qc6 23. Re3 a5 24. Rg3 Kf8 25. Rd1 Qa4 26. Qxa4 Rxa4 27. Kf1 b5 28. Ke2 Rc8 29. Kd2 b4 30. cxb4 axb4 31. Rd3 bxa3 32. bxa3 Ke7 33. Rb1 Rc7 34. g3 Rca7 35. Rbb3 f5 36. Ke3 Kf6 37. f4 h6 38. h4 g5 39. h5 gxf4+ 40. gxf4 Rg7 41. Rb4 Rg3+ 42. Kf2 Rxd3 43. Rxa4 Rh3 44. Ra8 Rxh5 45. a4 Rh3 46. a5 Ra3 47. Kg2 h5 48. a6 Kg7 49. a7 Kh7 50. Kh2 1/2-1/2

[Event "Wch U12 Girls"]
[Site "Batumi"]
[Date "2022.09.17"]
[Round "2"]
[White "Huseynli, Ayan"]
[Black "Valiyeva, Asnad"]
[Result "1/2-1/2"]
[WhiteElo "1572"]
[BlackElo "1265"]
[PlyCount "94"]
[EventDate "2022.09.16"]
[EventType "swiss"]
[EventRounds "11"]
[EventCountry "GEO"]
[SourceTitle "EXT 2023"]
[Source "ChessBase"]
[SourceDate "2022.10.05"]
[SourceVersion "1"]
[SourceVersionDate "2022.10.05"]
[SourceQuality "1"]

1. d4 d5 2. Nf3 Nf6 3. g3 Bf5 4. Bg2 e6 5. c4 c6 6. Qb3 Qc8 7. Ne5 Nbd7 8. Nxd7 Qxd7 9. Nc3 Be7 10. 0-0 0-0 11. f3 dxc4 12. Qd1 Rad8 13. e4 Bg6 14. Be3 c5 15. Ne2 cxd4 16. Bxd4 Qb5 17. Qc2 Bc5 18. Rfd1 Bxd4+ 19. Nxd4 Qb6 20. Qf2 e5 21. Nf5 Qxf2+ 22. Kxf2 Bxf5 23. exf5 Rc8 24. Rac1 h6 25. a4 Rc7 26. Rc2 Rfc8 27. Bf1 c3 28. b3 Nd7 29. Ke3 Kf8 30. Bb5 Ke7 31. Rd3 Nf6 32. Bc4 a6 33. Rd1 Rc5 34. Ra1 R8c7 35. a5 Nd5+ 36. Bxd5 Rxd5 37. b4 Rc4 38. Rb1 Rb5 39. Rb3 Rbxb4 40. Rcxc3 Rxc3+ 41. Rxc3 Kf6 42. g4 Ra4 43. Rc7 Rxa5 44. Rxb7 Ra3+ 45. Ke4 Ra4+ 46. Ke3 g6 47. Rb6+ Kg5 1/2-1/2

[Event "EU-ch Hybrid U12 Girls"]
[Site "Tornelo INT"]
[Date "2021.10.15"]
[Round "5"]
[White "Huseynli, Ayan"]
[Black "Rybackova, Lucie"]
[Result "1/2-1/2"]
[WhiteElo "1292"]
[BlackElo "1685"]
[PlyCount "98"]
[EventDate "2021.10.15"]
[EventType "swiss"]
[EventRounds "9"]
[EventCountry "NET"]
[SourceTitle "EXT 2023"]
[Source "ChessBase"]
[SourceDate "2022.10.05"]
[SourceVersion "1"]
[SourceVersionDate "2022.10.05"]
[SourceQuality "1"]
[WhiteTeam "Azerbaijan"]
[BlackTeam "Czech Republic"]
[WhiteTeamCountry "AZE"]
[BlackTeamCountry "CZE"]

1. d4 g6 2. e4 c5 3. d5 d6 4. Be2 Nf6 5. Nc3 Bg7 6. Nf3 Nbd7 7. 0-0 0-0 8. Re1 Qc7 9. Bc4 Ng4 10. Bd2 Nge5 11. Nxe5 Nxe5 12. Qe2 Bd7 13. h3 a6 14. a4 Nxc4 15. Qxc4 b5 16. axb5 axb5 17. Nxb5 Qb6 18. Nc3 Qxb2 19. Rxa8 Rxa8 20. Qd3 c4 21. Qe3 Qxc2 22. Rc1 Qb2 23. Rb1 Qa3 24. Rb7 Ba4 25. Ra7 Rxa7 26. Qxa7 Qa1+ 27. Kh2 Bxc3 28. Bh6 Be8 29. Qxe7 Be5+ 30. g3 Bxg3+ 31. Kxg3 Qe5+ 32. Qxe5 dxe5 33. Kf3 f6 34. Bd2 Bd7 35. h4 f5 36. Bc3 Kf7 37. Bxe5 fxe4+ 38. Kxe4 Bf5+ 39. Kd4 Ke7 40. Kxc4 Kd7 41. Kc5 h5 42. Bf6 Bb1 43. d6 Be4 44. Be7 Bf5 45. Kd5 Bb1 46. Ke5 Bf5 47. Kf6 Bd3 48. f4 Bf5 49. Ke5 Bb1 1/2-1/2